000
00311nam a22001457a 4500
008
210309b ||||| |||| 00| 0 eng d
020
_a
9780415107174
041
_a
eng
080
_a
94
082
_a
94
100
_a
16
101
_a
HIS
245
_a
Visions of Suburbia
_c
Silverstone, R
942
_2
udc
_c
BK
999
_c
56072
_d
56072